000 00865nmm a2200253 a 4500
001 ocm000701515
003 TR-IsHL
005 20201028135322.0
008 131209s2000 tu tur
007 cr cn
035 _a701515
_b(N$T)
050 0 4 _aHD9056
_b.A85 2000
090 0 4 _aHD9056
_b.A85 2000
100 1 _aAslanoğlu, Rana A.
245 1 0 _aNevşehir'de girişimci profili analizi ve kentsel gelişme
_h[electronic resource] /
_cRana A. Aslanoğlu
260 _aBursa :
_bEzgi Kitabevi,
_c2000
300 _a112 p.
650 4 _aSosyoloji
650 4 _aSociology
650 0 _aEkonomik kalkınma
_x Nevşehir
650 0 _aEconomic development
_x Nevsehir
650 7 _aBUSINESS & ECONOMICS / Development / Economic Development
_2bisacsh
856 4 0 _uhttp://search.ebscohost.com/login.aspx?direct=true&scope=site&db=e011xww&AN=701515
999 _c6676
_d6676